Cryptography & Network Security: Principles & Practice (Record no. 23346)

000 -LEADER
fixed length control field 00288nam a22000977a 4500
008 - FIXED-LENGTH DATA ELEMENTS--GENERAL INFORMATION
fixed length control field 130411b xxu||||| |||| 00| 0 eng d
020 ## - INTERNATIONAL STANDARD BOOK NUMBER
Terms of availability Avalable
050 ## - LIBRARY OF CONGRESS CALL NUMBER
Classification number 005.8KAH
Item number 000058
245 ## - TITLE STATEMENT
Title Cryptography & Network Security: Principles & Practice
Statement of responsibility, etc. Kahate, A.
260 ## - PUBLICATION, DISTRIBUTION, ETC.
Place of publication, distribution, etc. India
Name of publisher, distributor, etc. Prentice-Hall
Date of publication, distribution, etc. 2006
Holdings
Withdrawn status Lost status Source of classification or shelving scheme Damaged status Not for loan Permanent Location Current Location Shelving location Date acquired Full call number Barcode Date last seen Price effective from Koha item type
          NUST Baluchistan Campus (NBC) NUST Baluchistan Campus (NBC) General Stacks 04/11/2013 005.8KAH RCMS000058 04/11/2013 04/11/2013 Book
© 2023 Central Library, National University of Sciences and Technology. All Rights Reserved.